[Event "Sharjah Masters-A 8th"]
[Site "Sharjah"]
[Date "2025.05.24"]
[Round "8"]
[White "Gavrilescu, David"]
[Black "Nigmatov, Ortik"]
[Result "1-0"]
[WhiteElo "2554"]
[BlackElo "2457"]
[PlyCount "93"]
[EventDate "2025.05.17"]
[EventType "swiss"]
[EventRounds "9"]
[EventCountry "UAE"]
[SourceTitle "CB22_2025"]
[SourceDate "2025.05.28"]
[SourceVersion "1"]
[SourceVersionDate "2025.05.28"]
[SourceQuality "1"]

1. e4 c5 2. Nf3 Nc6 3. Bb5 e6 4. Bxc6 bxc6 5. d3 Ne7 6. b3 f6 7. Nh4 e5 8. f4 d6 9. fxe5 dxe5 10. Be3 Ng6 11. Qh5 Qc7 12. Nxg6 Qf7 13. Nf4 exf4 14. Qxf7+ Kxf7 15. Bxf4 g5 16. Bd2 Kg6 17. 0-0 Be7 18. Nc3 Rd8 19. Rae1 Be6 20. Na4 Rab8 21. Re2 h5 22. Ref2 Rb5 23. Kh1 h4 24. c4 Rb7 25. Bc3 h3 26. Rxf6+ Bxf6 27. Rxf6+ Kh5 28. Rxe6 Rf7 29. Rf6 Rxd3 30. gxh3 Rxf6 31. Bxf6 g4 32. h4 Rd1+ 33. Kg2 Rd2+ 34. Kg1 Rd1+ 35. Kf2 Rd2+ 36. Ke3 Rxh2 37. e5 Rh3+ 38. Ke4 Rf3 39. Nxc5 Rf1 40. e6 Re1+ 41. Kf4 Rf1+ 42. Ke5 Kg6 43. e7 Kf7 44. Ne4 Re1 45. Kf4 g3 46. Nd6+ Kxf6 47. e8Q 1-0

[Event "Bucharest ROM GP"]
[Site "Bucharest"]
[Date "2025.05.10"]
[Round "4"]
[White "Gavrilescu, David"]
[Black "Antonica, Dragos Andrei"]
[Result "1/2-1/2"]
[WhiteElo "2554"]
[BlackElo "2312"]
[PlyCount "45"]
[EventDate "2025.05.10"]
[EventType "swiss"]
[EventRounds "10"]
[EventCountry "ROU"]
[SourceTitle "CB20_2025"]
[SourceDate "2025.05.14"]
[SourceVersion "1"]
[SourceVersionDate "2025.05.14"]
[SourceQuality "1"]

1. e4 e6 2. d4 d5 3. e5 c5 4. c3 Nc6 5. Nf3 Bd7 6. Be2 f6 7. 0-0 fxe5 8. Nxe5 Nxe5 9. dxe5 Qc7 10. Re1 Ne7 11. a4 Nc6 12. Na3 a6 13. Bf4 Be7 14. Bg3 0-0 15. c4 d4 16. Bd3 Nb4 17. Bb1 d3 18. Bxd3 Nxd3 19. Qxd3 Bxa4 20. Nb1 Bc6 21. Nc3 Rad8 22. Qe2 Rd4 23. Rad1 1/2-1/2

[Event "Bucharest ROM GP"]
[Site "Bucharest"]
[Date "2025.05.10"]
[Round "1"]
[White "Onofrasc, Ivan"]
[Black "Gavrilescu, David"]
[Result "0-1"]
[WhiteElo "1912"]
[BlackElo "2554"]
[PlyCount "66"]
[EventDate "2025.05.10"]
[EventType "swiss"]
[EventRounds "10"]
[EventCountry "ROU"]
[SourceTitle "CB20_2025"]
[SourceDate "2025.05.14"]
[SourceVersion "1"]
[SourceVersionDate "2025.05.14"]
[SourceQuality "1"]

1. e4 c5 2. Nc3 e6 3. f4 a6 4. Nf3 d5 5. d3 Nc6 6. g3 g6 7. Bg2 Bg7 8. 0-0 Nge7 9. h3 0-0 10. g4 f5 11. gxf5 exf5 12. e5 d4 13. Nb1 Nd5 14. Qe2 h6 15. c4 Nc7 16. Bd2 Ne6 17. h4 Bd7 18. Na3 Rb8 19. Rae1 b5 20. b3 Rf7 21. Qf2 Bf8 22. Qg3 Rg7 23. Kh2 Be7 24. Bh3 Be8 25. Rg1 Rb7 26. Re2 Nb4 27. Reg2 Bf8 28. Ne1 Bc6 29. Re2 Nxa2 30. Nec2 Nc3 31. Ree1 bxc4 32. bxc4 Rb3 33. Nb1 Rb2 0-1

[Event "Bucharest ROM GP"]
[Site "Bucharest"]
[Date "2025.05.10"]
[Round "3"]
[White "Vrencian, Lehel"]
[Black "Gavrilescu, David"]
[Result "0-1"]
[WhiteElo "2291"]
[BlackElo "2554"]
[PlyCount "60"]
[EventDate "2025.05.10"]
[EventType "swiss"]
[EventRounds "10"]
[EventCountry "ROU"]
[SourceTitle "CB20_2025"]
[SourceDate "2025.05.14"]
[SourceVersion "1"]
[SourceVersionDate "2025.05.14"]
[SourceQuality "1"]

1. e4 c5 2. Nf3 a6 3. Nc3 d6 4. d4 cxd4 5. Nxd4 Nf6 6. Rg1 g6 7. g4 Nc6 8. g5 Nd7 9. Be3 Bg7 10. f4 Qa5 11. Qd2 Nc5 12. 0-0-0 Be6 13. f5 Bxa2 14. f6 Bf8 15. Nxc6 bxc6 16. e5 Bd5 17. Kb1 Ne4 18. Qd4 dxe5 19. Qxe4 Bxe4 20. Nxe4 Rd8 21. Bg2 e6 22. Nc3 Rd5 23. Rge1 Bb4 24. Nxd5 cxd5 25. c3 Bd6 26. c4 d4 27. Bd2 Qb6 28. c5 Bxc5 29. Rxe5 0-0 30. Rc1 Rb8 0-1

[Event "Warsaw Superbet Blitz"]
[Site "Warsaw"]
[Date "2025.04.29"]
[Round "4"]
[White "Gavrilescu, David"]
[Black "Firouzja, Alireza"]
[Result "0-1"]
[WhiteElo "2554"]
[BlackElo "2757"]
[PlyCount "80"]
[EventDate "2025.04.29"]
[EventType "tourn (blitz)"]
[EventRounds "18"]
[EventCountry "POL"]
[EventCategory "19"]
[SourceTitle "CB18_2025"]
[SourceDate "2025.04.30"]
[SourceVersion "1"]
[SourceVersionDate "2025.04.30"]
[SourceQuality "1"]

1. e4 c5 2. Nf3 d6 3. Bb5+ Nd7 4. 0-0 a6 5. Bxd7+ Bxd7 6. c3 e6 7. d4 Ne7 8. dxc5 dxc5 9. Ne5 Bc6 10. Qh5 Ng6 11. Nxc6 bxc6 12. Rd1 Qc7 13. Na3 Be7 14. Be3 0-0 15. Nc4 f5 16. exf5 exf5 17. Bg5 Rae8 18. Re1 Bxg5 19. Qxg5 Qd7 20. Qd2 Qd5 21. b3 f4 22. f3 Qg5 23. Rxe8 Rxe8 24. Re1 Rd8 25. Qe2 h5 26. Nd2 Rd5 27. Ne4 Qh4 28. Rd1 Qe7 29. Re1 a5 30. h3 Kh7 31. Qc2 Kh6 32. Kh2 Qh4 33. Rd1 Ne5 34. Qe2 Qe7 35. Qf1 Nf7 36. c4 Rd4 37. Re1 Qh4 38. Re2 Ng5 39. Nxg5 Qxg5 40. Qb1 g6 0-1

[Event "Warsaw Superbet Blitz"]
[Site "Warsaw"]
[Date "2025.04.29"]
[Round "9"]
[White "Praggnanandhaa, Rameshbabu"]
[Black "Gavrilescu, David"]
[Result "1-0"]
[WhiteElo "2758"]
[BlackElo "2554"]
[PlyCount "107"]
[EventDate "2025.04.29"]
[EventType "tourn (blitz)"]
[EventRounds "18"]
[EventCountry "POL"]
[EventCategory "19"]
[SourceTitle "CB18_2025"]
[SourceDate "2025.04.30"]
[SourceVersion "1"]
[SourceVersionDate "2025.04.30"]
[SourceQuality "1"]

1. d4 d5 2. Bf4 c5 3. e3 cxd4 4. exd4 Nc6 5. c3 Bf5 6. Qb3 Qd7 7. Nd2 e6 8. Ngf3 f6 9. h3 g5 10. Bg3 h5 11. Be2 Nge7 12. Nf1 Bg7 13. Ne3 Be4 14. h4 g4 15. Nd2 Bh7 16. Qa3 Bh6 17. b4 Ng6 18. b5 Nce7 19. b6 0-0 20. bxa7 Nc6 21. Bb5 Rfc8 22. Bb8 Nge7 23. Nb3 b6 24. Qa6 Qd8 25. Bxc6 Nxc6 26. Qb7 Raxb8 27. axb8Q Nxb8 28. 0-0 Bd3 29. Rfe1 Ba6 30. Qa7 Bf4 31. g3 Bd6 32. a4 Bd3 33. a5 bxa5 34. Qxa5 Qxa5 35. Nxa5 Rxc3 36. Rec1 Rxc1+ 37. Rxc1 Kf7 38. Rc8 Na6 39. Rc6 Be7 40. Nb3 Nb4 41. Rc7 Ke8 42. Ng2 Bd6 43. Rb7 Nc2 44. Nc5 Nxd4 45. Nxd3 e5 46. Ne3 Nf3+ 47. Kf1 e4 48. Nb2 d4 49. Nf5 Be5 50. Nc4 d3 51. Ncd6+ Kd8 52. Nxe4 Kc8 53. Rb3 d2 54. Rd3 1-0

[Event "Warsaw Superbet Rapid"]
[Site "Warsaw"]
[Date "2025.04.28"]
[Round "8"]
[White "Gavrilescu, David"]
[Black "Praggnanandhaa, Rameshbabu"]
[Result "0-1"]
[WhiteElo "2554"]
[BlackElo "2758"]
[PlyCount "50"]
[EventDate "2025.04.26"]
[EventType "tourn (rapid)"]
[EventRounds "9"]
[EventCountry "POL"]
[EventCategory "19"]
[SourceTitle "CB18_2025"]
[SourceDate "2025.04.30"]
[SourceVersion "1"]
[SourceVersionDate "2025.04.30"]
[SourceQuality "1"]

1. e4 c5 2. Nf3 g6 3. d4 cxd4 4. Qxd4 Nf6 5. Nc3 Nc6 6. Qa4 d6 7. e5 Ng4 8. exd6 Qxd6 9. h3 Nge5 10. Nxe5 Qxe5+ 11. Be2 Bg7 12. Bf4 Qc5 13. 0-0 0-0 14. Be3 Bd4 15. Bxd4 Nxd4 16. Bd3 Rd8 17. Ne4 Qc7 18. Rad1 Bf5 19. Nc3 Be6 20. Nb5 Qc5 21. c3 Nf3+ 22. Kh1 Qe5 23. gxf3 Bxh3 24. Nd4 Qh5 25. Qb5 Rd5 0-1

[Event "Warsaw Superbet Rapid"]
[Site "Warsaw"]
[Date "2025.04.26"]
[Round "2"]
[White "Fedoseev, Vladimir1"]
[Black "Gavrilescu, David"]
[Result "1-0"]
[WhiteElo "2739"]
[BlackElo "2554"]
[PlyCount "35"]
[EventDate "2025.04.26"]
[EventType "tourn (rapid)"]
[EventRounds "9"]
[EventCountry "POL"]
[EventCategory "19"]
[SourceTitle "CB18_2025"]
[SourceDate "2025.04.30"]
[SourceVersion "1"]
[SourceVersionDate "2025.04.30"]
[SourceQuality "1"]

1. d4 d5 2. c4 e6 3. Nf3 Nf6 4. g3 dxc4 5. Bg2 c5 6. 0-0 Nc6 7. dxc5 Qxd1 8. Rxd1 Bxc5 9. Nbd2 b5 10. Ng5 Bb7 11. a4 a6 12. Nde4 Bb4 13. Nxf6+ gxf6 14. Nxf7 Kxf7 15. Rd7+ Kg6 16. Rxb7 Nd4 17. Be3 e5 18. axb5 1-0

[Event "Titled Tuesday intern op 01st Apr Early"]
[Site "Chess.com INT"]
[Date "2025.04.01"]
[Round "9"]
[White "Gavrilescu, David"]
[Black "Aradhya, Garg"]
[Result "1-0"]
[WhiteElo "2549"]
[BlackElo "2359"]
[PlyCount "85"]
[EventDate "2025.04.01"]
[EventType "swiss (blitz)"]
[EventRounds "11"]
[EventCountry "USA"]
[SourceTitle "CB15_2025"]
[SourceDate "2025.04.09"]
[SourceVersion "1"]
[SourceVersionDate "2025.04.09"]
[SourceQuality "1"]

1. e4 c6 2. d4 d5 3. e5 Bf5 4. h4 h5 5. Bg5 Qb6 6. Bd3 Qxd4 7. Nf3 Qg4 8. Bxf5 Qxf5 9. 0-0 e6 10. c4 Bc5 11. Nc3 Nd7 12. Re1 Ne7 13. cxd5 Nxd5 14. Ne4 0-0 15. Rc1 b6 16. Ng3 Qg6 17. Nd2 f6 18. exf6 N7xf6 19. Nde4 Nxe4 20. Nxe4 Qf5 21. Rc2 Bb4 22. Ree2 c5 23. Nd6 Qg6 24. a3 Ba5 25. g3 Rf3 26. Nc4 Raf8 27. Ne5 Qf5 28. Nxf3 Qxf3 29. Qf1 b5 30. Rxe6 Bb6 31. Qe2 Qb3 32. Qe4 Qf3 33. Qxf3 Rxf3 34. Rd2 Nf6 35. Kg2 Kf7 36. Rxb6 Rb3 37. Rb7+ Kg6 38. Bxf6 gxf6 39. Rxa7 c4 40. Rb7 c3 41. bxc3 Rxc3 42. Rxb5 Rxa3 43. Rdd5 1-0

[Event "Titled Tuesday intern op 01st Apr Early"]
[Site "Chess.com INT"]
[Date "2025.04.01"]
[Round "4"]
[White "Gavrilescu, David"]
[Black "Laddha, Shubh Jayesh"]
[Result "0-1"]
[WhiteElo "2549"]
[BlackElo "2303"]
[PlyCount "100"]
[EventDate "2025.04.01"]
[EventType "swiss (blitz)"]
[EventRounds "11"]
[EventCountry "USA"]
[SourceTitle "CB15_2025"]
[SourceDate "2025.04.09"]
[SourceVersion "1"]
[SourceVersionDate "2025.04.09"]
[SourceQuality "1"]

1. e4 c5 2. Nf3 d6 3. d4 cxd4 4. Qxd4 Nc6 5. Qe3 g6 6. h3 Bg7 7. Be2 Nf6 8. 0-0 0-0 9. Rd1 Qb6 10. Qxb6 axb6 11. Nc3 Nb4 12. Ne1 Be6 13. a3 Nd7 14. Be3 Nc6 15. Nf3 Nc5 16. Nd4 Nxd4 17. Bxd4 Rfc8 18. Be3 Bxc3 19. bxc3 Nxe4 20. Bxb6 Nxc3 21. Rd2 Nxe2+ 22. Rxe2 Ra6 23. Bd4 Rca8 24. Rb1 Rxa3 25. Rxb7 Kf8 26. Kh2 Rc8 27. c3 Rb3 28. Ra7 h5 29. Re1 Rb2 30. Rea1 Bd5 31. R1a5 Be6 32. Kg3 Rb3 33. Kh4 Rb1 34. Kg5 Rg1 35. g3 Bxh3 36. Kh6 Rb1 37. Ra2 Be6 38. Re2 Rh1 39. f4 h4 40. g4 h3 41. f5 gxf5 42. gxf5 Bxf5 43. Raxe7 Be6 44. Ra7 h2 45. Bg7+ Kg8 46. Rg2 Rg1 47. Rxh2 Rg6+ 48. Kh5 Kxg7 49. Ra8 Rxa8 50. Rf2 Rh8# 0-1

[Event "Titled Tuesday intern op 01st Apr Early"]
[Site "Chess.com INT"]
[Date "2025.04.01"]
[Round "6"]
[White "Gavrilescu, David"]
[Black "Przybylski, Bartosz1"]
[Result "1-0"]
[WhiteElo "2549"]
[BlackElo "2141"]
[PlyCount "99"]
[EventDate "2025.04.01"]
[EventType "swiss (blitz)"]
[EventRounds "11"]
[EventCountry "USA"]
[SourceTitle "CB15_2025"]
[SourceDate "2025.04.09"]
[SourceVersion "1"]
[SourceVersionDate "2025.04.09"]
[SourceQuality "1"]

1. e3 d6 2. Nf3 Nf6 3. d4 g6 4. Be2 Bg7 5. 0-0 0-0 6. c4 c5 7. Nc3 Nc6 8. d5 Na5 9. Rb1 a6 10. b3 b5 11. cxb5 axb5 12. Bxb5 Ba6 13. a4 Qb6 14. Bb2 Bxb5 15. Nxb5 Rfb8 16. Re1 Ne8 17. Bxg7 Kxg7 18. Nd2 Nc7 19. b4 cxb4 20. Rxb4 Nxd5 21. Rh4 Nf6 22. e4 Qc5 23. Nf3 Nc4 24. Qc1 h5 25. Nc3 Ne5 26. Nxe5 dxe5 27. Rh3 Rb3 28. Qc2 Ra3 29. Qd2 Ng4 30. Rf3 Rc8 31. Rc1 Qd4 32. Qe1 f6 33. h3 Nxf2 34. Qxf2 Raxc3 35. Rfxc3 Rxc3 36. Rxc3 Qxc3 37. Qa2 Qd4+ 38. Kh2 Qxe4 39. a5 Qf4+ 40. g3 Qd4 41. a6 Qa7 42. h4 g5 43. hxg5 fxg5 44. Kg2 e4 45. Qa5 Kf6 46. Qc3+ e5 47. Qc6+ Kf5 48. Qb7 Qe3 49. Qf7+ Kg4 50. Qe6# 1-0

[Event "EU-ch 25th"]
[Site "Eforie Nord"]
[Date "2025.03.26"]
[Round "11"]
[White "Van Foreest, Jorden"]
[Black "Gavrilescu, David"]
[Result "1-0"]
[WhiteElo "2676"]
[BlackElo "2549"]
[PlyCount "69"]
[EventDate "2025.03.15"]
[EventType "swiss"]
[EventRounds "11"]
[EventCountry "ROU"]
[SourceTitle "CB13_2025"]
[SourceDate "2025.03.26"]
[SourceVersion "1"]
[SourceVersionDate "2025.03.26"]
[SourceQuality "1"]

1. Nf3 d5 2. g3 Nf6 3. Bg2 e6 4. 0-0 Be7 5. d4 0-0 6. c4 dxc4 7. Qc2 b5 8. a4 Bb7 9. axb5 a6 10. Nc3 axb5 11. Rxa8 Bxa8 12. Nxb5 Bd5 13. Bf4 c5 14. dxc5 Qa5 15. Nc3 Qxc5 16. Ra1 Bxf3 17. Be3 Qh5 18. Bxf3 Ng4 19. Bxg4 Qxg4 20. Ra7 Bg5 21. Bc5 Rc8 22. Ra8 e5 23. Qe4 Qd7 24. Qxe5 Qd8 25. Qd5 Nd7 26. Rxc8 Qxc8 27. Ne4 Nxc5 28. Nxg5 Ne6 29. Qf5 Qd7 30. Qxh7+ Kf8 31. Qf5 Qd1+ 32. Kg2 Nxg5 33. Qxg5 Qd4 34. f3 f6 35. Qc1 1-0

[Event "EU-ch 25th"]
[Site "Eforie Nord"]
[Date "2025.03.17"]
[Round "3"]
[White "Willems, Niels"]
[Black "Gavrilescu, David"]
[Result "0-1"]
[WhiteElo "2406"]
[BlackElo "2549"]
[PlyCount "88"]
[EventDate "2025.03.15"]
[EventType "swiss"]
[EventRounds "11"]
[EventCountry "ROU"]
[SourceTitle "CB13_2025"]
[SourceDate "2025.03.26"]
[SourceVersion "1"]
[SourceVersionDate "2025.03.26"]
[SourceQuality "1"]

1. e4 c5 2. Nf3 d6 3. d4 cxd4 4. Nxd4 Nf6 5. Nc3 a6 6. Be2 e5 7. Nb3 Be7 8. Be3 Be6 9. Nd5 Nbd7 10. Qd3 Bxd5 11. exd5 Rc8 12. c4 0-0 13. 0-0 a5 14. a4 b6 15. h3 g6 16. Bh6 Re8 17. Rac1 Bf8 18. Bg5 h6 19. Be3 Bg7 20. Bg4 Nxg4 21. hxg4 e4 22. Qe2 Ne5 23. Bd4 Qh4 24. Rc3 Qxg4 25. Qxg4 Nxg4 26. Bxg7 Kxg7 27. Re1 f5 28. Nd4 Ne5 29. b3 Kf6 30. Nb5 Red8 31. Kf1 Rd7 32. Ke2 h5 33. Kd2 h4 34. Rh3 g5 35. Nd4 Rh8 36. Reh1 Nd3 37. Rf1 g4 38. Rh2 f4 39. f3 g3 40. fxe4 gxh2 41. Kxd3 Rg7 42. Rxf4+ Ke7 43. Nf5+ Kd7 44. Rf1 Rg3+ 0-1

[Event "EU-ch 25th"]
[Site "Eforie Nord"]
[Date "2025.03.15"]
[Round "1"]
[White "Gales, Randi Ioan"]
[Black "Gavrilescu, David"]
[Result "1/2-1/2"]
[WhiteElo "2215"]
[BlackElo "2549"]
[PlyCount "96"]
[EventDate "2025.03.15"]
[EventType "swiss"]
[EventRounds "11"]
[EventCountry "ROU"]
[SourceTitle "CB13_2025"]
[SourceDate "2025.03.26"]
[SourceVersion "1"]
[SourceVersionDate "2025.03.26"]
[SourceQuality "1"]

1. d4 Nf6 2. c4 e6 3. Nc3 Bb4 4. e3 0-0 5. Bd2 d5 6. Nf3 b6 7. cxd5 exd5 8. Bd3 c5 9. h3 Nc6 10. a3 Bxc3 11. Bxc3 c4 12. Bc2 Ne4 13. Bxe4 dxe4 14. Ne5 Nxe5 15. dxe5 Qg5 16. Qc2 Qxg2 17. 0-0-0 Be6 18. Rhg1 Qf3 19. Rg3 Qh5 20. Qxe4 Rfd8 21. Rdg1 g6 22. Rg5 Qe2 23. f4 Rac8 24. f5 Bd5 25. Qf4 Bf3 26. Bd4 c3 27. bxc3 Qd3 28. fxg6 fxg6 29. e6 Rxc3+ 30. Bxc3 Qxc3+ 31. Kb1 Qd3+ 32. Ka1 Qc3+ 33. Kb1 Qb3+ 34. Ka1 Qc3+ 35. Kb1 Qb3+ 36. Ka1 Qxa3+ 37. Kb1 Qb3+ 38. Ka1 Qc3+ 39. Kb1 Qd3+ 40. Kb2 Qd2+ 41. Kb1 Qd3+ 42. Kb2 Qe2+ 43. Kb1 Rd1+ 44. Rxd1 Qxd1+ 45. Kb2 Qd2+ 46. Kb1 Qd1+ 47. Kb2 Qd2+ 48. Kb1 Qd1+ 1/2-1/2